Cities With MLB Teams- One Minute Sprint - Statistics

General Stats
  • This quiz has been taken 29 times
  • The average score is 21 of 27
Answer Stats
Hint Answer % Correct
Braves Atlanta
92%
Mets, Yankees New York City
92%
Orioles Baltimore
88%
Reds Cincinnati
88%
Guardians Cleveland
88%
Red Sox Boston
84%
Cubs, White Sox Chicago
84%
Rockies Denver
84%
Astros Houston
84%
Phillies Philadelphia
84%
Tigers Detroit
80%
Angels, Dodgers Los Angeles
80%
Marlins Miami
80%
Pirates Pittsburgh
80%
Royals Kansas City
76%
Brewers Milwaukee
76%
Twins Minneapolis
76%
Diamondbacks Phoenix
76%
Padres San Diego
72%
Giants San Francisco
72%
Mariners Seattle
72%
Blue Jays Toronto
72%
Nationals Washington, D.C.
68%
Rangers Arlington
64%
Cardinals St. Louis
64%
Rays St. Petersburg
64%
Athletics West Sacramento
28%
No matching quizzes found
Score Distribution
Percent of People with Each Score
Percentile by Number Answered
Your Score History
You have not taken this quiz